Maňka: Vždy, keď má SES zaujať stanovisko, odporcovia Smeru sa aktivizujú

Bibliographic Details
Main Authors: Pavlík, Radovan (Author, Interviewer), Maňka, Vladimír, 1959- (Author)
Format: Article
Language:Slovak
PhysicalDescription:Fotogr.
ISSN:1335-4426
Subjects:

MARC

LEADER 00000nab a2200000 ar4500
001 vtls009156731
003 SK-MaSNL
005 20260303183721.0
008 071107c2007 xo wr|p|||||||000 b|slo
015 |a SNBRB2007/11  |2 snkbucl 
040 |a SNKBUCL  |b slo  |c SNKBUCL  |e AACR2 
041 0 |a slo 
044 |a xo  |c SK 
080 |a 329.14  |x (4)  |b PES  |2 2001 
080 |a 32-051  |2 2001 
080 |a 329.14  |x (437.6)  |b Smer-SD  |2 2001 
080 |a 929 Maňka, Vladimír  |2 2001 
100 1 |a Pavlík, Radovan  |4 ivr  |4 aut  |9 764267 
245 1 0 |a Maňka: Vždy, keď má SES zaujať stanovisko, odporcovia Smeru sa aktivizujú  |c Radovan Pavlík, Vladimír Maňka 
300 |b Fotogr. 
500 |a Do č. 5 vychádzalo periodikum ako Domino fórum 
600 1 7 |a Maňka, Vladimír,  |d 1959-  |2 snkbucl  |9 119094 
610 2 7 |a Strana európskych socialistov  |2 snkbucl  |9 18420 
610 2 7 |a Smer - sociálna demokracia (politická strana)  |2 SNKKA  |9 87774 
650 0 7 |a pozastavenie členstva v PES  |2 snkbucl  |9 1213165 
700 1 |a Maňka, Vladimír,  |d 1959-  |4 ive  |4 aut  |9 119094 
773 0 |t Domino efekt  |g Roč. XVI, č. 39 (2007), s. 15-17  |x 1335-4426 
852 |a SNK  |b KIS3GCP 
958 |a SK 
958 |a BX 
999 |c 2122575  |d 2124505